[Event "DEM U18 2023"]
[Site "Willingen GER"]
[Date "2023.05.31"]
[Round "6"]
[White "Bilovil, Bogdan"]
[Black "Farokhi, Keyvan"]
[Result "1/2-1/2"]
[Termination "normal"]
[Board "1"]
[WhiteTitle "FM"]
[BlackTitle "FM"]
[WhiteElo "2348"]
[BlackElo "2266"]
[WhiteClock "00:01:12"]
[BlackClock "00:18:16"]
[PlyCount "65"]
[WhiteFideId "14168766"]
[BlackFideId "12998630"]
[EventCountry "GER"]
[EventRounds "9"]
[EventType "swiss"]
[EventDate "2023.05.27"]

1. c4 {[%clk 01:30:56]} {[%emt 00:00:03]} e5 {[%clk 01:30:42]} {[%emt
00:00:18]} 2. Nc3 {[%clk 01:30:52]} {[%emt 00:00:33]} Nf6 {[%clk 01:30:55]}
{[%emt 00:00:16]} 3. Nf3 {[%clk 01:29:50]} {[%emt 00:01:34]} Nc6 {[%clk
01:31:13]} {[%emt 00:00:11]} 4. g3 {[%clk 01:29:49]} {[%emt 00:00:32]} Bb4
{[%clk 01:31:21]} {[%emt 00:00:24]} 5. Bg2 {[%clk 01:30:01]} {[%emt 00:00:16]}
O-O {[%clk 01:31:24]} {[%emt 00:00:27]} 6. O-O {[%clk 01:29:32]} {[%emt
00:01:00]} e4 {[%clk 01:31:30]} {[%emt 00:00:22]} 7. Ng5 {[%clk 01:25:22]}
{[%emt 00:04:42]} Bxc3 {[%clk 01:31:39]} {[%emt 00:00:23]} 8. bxc3 {[%clk
01:25:25]} {[%emt 00:00:25]} Re8 {[%clk 01:27:27]} {[%emt 00:04:45]} 9. d3
{[%clk 01:20:35]} {[%emt 00:05:18]} exd3 {[%clk 01:23:40]} {[%emt 00:04:22]}
10. exd3 {[%clk 01:20:35]} {[%emt 00:00:27]} h6 {[%clk 01:18:50]} {[%emt
00:05:16]} 11. Nh3 {[%clk 01:06:41]} {[%emt 00:14:27]} d6 {[%clk 01:02:18]}
{[%emt 00:16:59]} 12. Nf4 {[%clk 00:59:24]} {[%emt 00:07:51]} Bg4 {[%clk
00:55:05]} {[%emt 00:07:40]} 13. Qb3 {[%clk 00:57:04]} {[%emt 00:02:51]} Rb8
{[%clk 00:54:53]} {[%emt 00:00:42]} 14. h3 {[%clk 00:43:03]} {[%emt 00:14:31]}
Bf5 {[%clk 00:53:56]} {[%emt 00:01:24]} 15. Rd1 {[%clk 00:41:58]} {[%emt
00:01:37]} Qd7 {[%clk 00:49:47]} {[%emt 00:04:38]} 16. Be3 {[%clk 00:39:43]}
{[%emt 00:02:45]} b6 {[%clk 00:36:18]} {[%emt 00:14:02]} 17. Kh2 {[%clk
00:25:53]} {[%emt 00:14:23]} Ne5 {[%clk 00:33:26]} {[%emt 00:03:21]} 18. d4
{[%clk 00:21:52]} {[%emt 00:04:30]} Ng6 {[%clk 00:33:24]} {[%emt 00:00:34]} 19.
Qb5 {[%clk 00:19:45]} {[%emt 00:02:34]} Qxb5 {[%clk 00:25:42]} {[%emt
00:08:14]} 20. cxb5 {[%clk 00:20:10]} {[%emt 00:00:05]} Nxf4 {[%clk 00:26:02]}
{[%emt 00:00:09]} 21. Bxf4 {[%clk 00:20:31]} {[%emt 00:00:10]} Re2 {[%clk
00:25:57]} {[%emt 00:00:43]} 22. Rd2 {[%clk 00:18:25]} {[%emt 00:02:36]} Rbe8
{[%clk 00:23:30]} {[%emt 00:02:51]} 23. Bf1 {[%clk 00:13:32]} {[%emt 00:05:20]}
Rxd2 {[%clk 00:23:36]} {[%emt 00:00:26]} 24. Bxd2 {[%clk 00:14:01]} Ne4 {[%clk
00:23:42]} {[%emt 00:00:22]} 25. Be1 {[%clk 00:11:59]} {[%emt 00:02:33]} Ng5
{[%clk 00:21:32]} {[%emt 00:02:39]} 26. g4 {[%clk 00:10:47]} {[%emt 00:01:42]}
Nf3+ {[%clk 00:19:07]} {[%emt 00:02:58]} 27. Kg3 {[%clk 00:11:07]} {[%emt
00:00:07]} Be4 {[%clk 00:19:29]} {[%emt 00:00:08]} 28. Bg2 {[%clk 00:09:38]}
{[%emt 00:01:59]} Nxe1 {[%clk 00:19:24]} {[%emt 00:00:36]} 29. Rxe1 {[%clk
00:09:56]} {[%emt 00:00:12]} Bc6 {[%clk 00:19:36]} {[%emt 00:00:17]} 30. Rxe8+
{[%clk 00:10:05]} {[%emt 00:00:21]} Bxe8 {[%clk 00:20:05]} {[%emt 00:00:01]}
31. c4 {[%clk 00:03:13]} {[%emt 00:07:22]} Kf8 {[%clk 00:18:43]} {[%emt
00:01:50]} 32. Kf4 {[%clk 00:02:52]} {[%emt 00:00:52]} Ke7 {[%clk 00:18:16]}
{[%emt 00:00:56]} 33. Be4 {[%clk 00:01:12]} {[%emt 00:02:12]} 1/2-1/2

[Event "DEM U18 2023"]
[Site "Willingen GER"]
[Date "2023.05.31"]
[Round "6"]
[White "Haack, Kevin"]
[Black "Colbow, Collin"]
[Result "0-1"]
[Termination "normal"]
[Board "2"]
[WhiteTitle "FM"]
[BlackTitle "FM"]
[WhiteElo "2303"]
[BlackElo "2408"]
[WhiteClock "00:41:13"]
[BlackClock "00:30:19"]
[PlyCount "84"]
[WhiteFideId "16228715"]
[BlackFideId "16201132"]
[EventCountry "GER"]
[EventRounds "9"]
[EventType "swiss"]
[EventDate "2023.05.27"]

1. d4 {[%clk 01:30:57]} {[%emt 00:00:02]} Nf6 {[%clk 01:30:43]} {[%emt
00:00:17]} 2. c4 {[%clk 01:31:18]} {[%emt 00:00:09]} e6 {[%clk 01:31:06]}
{[%emt 00:00:07]} 3. g3 {[%clk 01:31:37]} {[%emt 00:00:11]} d5 {[%clk
01:31:32]} {[%emt 00:00:04]} 4. Bg2 {[%clk 01:31:58]} {[%emt 00:00:10]} dxc4
{[%clk 01:31:55]} {[%emt 00:00:07]} 5. Nf3 {[%clk 01:31:57]} {[%emt 00:00:31]}
c6 {[%clk 01:32:04]} {[%emt 00:00:21]} 6. O-O {[%clk 01:31:54]} {[%emt
00:00:35]} b5 {[%clk 01:32:20]} {[%emt 00:00:12]} 7. Ne5 {[%clk 01:31:42]}
{[%emt 00:00:41]} Bb7 {[%clk 01:31:50]} {[%emt 00:01:01]} 8. a4 {[%clk
01:31:51]} {[%emt 00:00:21]} a6 {[%clk 01:30:31]} {[%emt 00:01:51]} 9. b3
{[%clk 01:32:12]} {[%emt 00:00:06]} cxb3 {[%clk 01:30:53]} {[%emt 00:00:09]}
10. Bb2 {[%clk 01:32:21]} {[%emt 00:00:21]} Nbd7 {[%clk 01:27:32]} {[%emt
00:03:51]} 11. Qxb3 {[%clk 01:27:21]} {[%emt 00:05:30]} Nxe5 {[%clk 01:25:51]}
{[%emt 00:02:11]} 12. dxe5 {[%clk 01:27:43]} {[%emt 00:00:10]} Nd5 {[%clk
01:26:10]} {[%emt 00:00:17]} 13. Nd2 {[%clk 01:27:15]} {[%emt 00:00:51]} Be7
{[%clk 01:23:14]} {[%emt 00:03:25]} 14. Ne4 {[%clk 01:26:18]} {[%emt 00:01:33]}
O-O {[%clk 01:22:32]} 15. Bd4 {[%clk 01:23:28]} {[%emt 00:04:28]} Qc7 {[%clk
00:54:55]} 16. Rfc1 {[%clk 01:19:59]} {[%emt 00:32:06]} Rfd8 {[%clk 00:52:58]}
17. Qb2 {[%clk 01:14:30]} {[%emt 00:08:24]} Qa5 {[%clk 00:33:56]} 18. Nd6
{[%clk 00:51:37]} {[%emt 00:42:56]} Bxd6 {[%clk 00:31:36]} 19. exd6 {[%clk
00:49:02]} {[%emt 00:05:55]} Qb4 {[%clk 00:29:55]} 20. Qxb4 {[%clk 00:41:13]}
{[%emt 00:10:50]} Nxb4 {[%clk 00:30:19]} 21. axb5 {[%clk 00:41:13]} axb5 {[%clk
00:30:19]} 22. Bb6 {[%clk 00:41:13]} Rxa1 {[%clk 00:30:19]} 23. Rxa1 {[%clk
00:41:13]} Rxd6 {[%clk 00:30:19]} 24. Bc5 {[%clk 00:41:13]} Nc2 {[%clk
00:30:19]} 25. Ra2 {[%clk 00:41:13]} Rd2 {[%clk 00:30:19]} 26. Bf1 {[%clk
00:41:13]} g5 {[%clk 00:30:19]} 27. Be3 {[%clk 00:41:13]} Nxe3 {[%clk
00:30:19]} 28. Rxd2 {[%clk 00:41:13]} Nc4 {[%clk 00:30:19]} 29. Ra2 {[%clk
00:41:13]} c5 {[%clk 00:30:19]} 30. Ra7 {[%clk 00:41:13]} Nd6 {[%clk 00:30:19]}
31. Bg2 {[%clk 00:41:13]} Bxg2 {[%clk 00:30:19]} 32. Kxg2 {[%clk 00:41:13]} b4
{[%clk 00:30:19]} 33. Ra6 {[%clk 00:41:13]} Ne4 {[%clk 00:30:19]} 34. Kf1
{[%clk 00:41:13]} b3 {[%clk 00:30:19]} 35. Ke1 {[%clk 00:41:13]} c4 {[%clk
00:30:19]} 36. Rb6 {[%clk 00:41:13]} Kg7 {[%clk 00:30:19]} 37. Rb4 {[%clk
00:41:13]} c3 {[%clk 00:30:19]} 38. Kd1 {[%clk 00:41:13]} Nd2 {[%clk 00:30:19]}
39. e3 {[%clk 00:41:13]} Kf6 {[%clk 00:30:19]} 40. f3 {[%clk 00:41:13]} Ke5
{[%clk 00:30:19]} 41. Rb8 {[%clk 00:41:13]} b2 {[%clk 00:30:19]} 42. Kc2 {[%clk
00:41:13]} b1=Q+ {[%clk 00:30:19]} 0-1

[Event "DEM U18 2023"]
[Site "Willingen GER"]
[Date "2023.05.31"]
[Round "6"]
[White "Hommer, Jeremy"]
[Black "Nied, Pascal"]
[Result "0-1"]
[Termination "normal"]
[Board "3"]
[WhiteElo "2313"]
[BlackElo "2189"]
[WhiteClock "00:36:57"]
[BlackClock "00:19:46"]
[PlyCount "54"]
[WhiteFideId "12992577"]
[BlackFideId "16260597"]
[EventCountry "GER"]
[EventRounds "9"]
[EventType "swiss"]
[EventDate "2023.05.27"]

1. e4 {[%clk 01:30:57]} {[%emt 00:00:02]} e5 {[%clk 01:30:53]} {[%emt
00:00:07]} 2. Nf3 {[%clk 01:31:18]} {[%emt 00:00:08]} Nc6 {[%clk 01:31:18]}
{[%emt 00:00:06]} 3. Bc4 {[%clk 01:30:59]} {[%emt 00:00:51]} Bc5 {[%clk
01:31:39]} {[%emt 00:00:06]} 4. d3 {[%clk 01:31:21]} {[%emt 00:00:09]} Nf6
{[%clk 01:31:59]} {[%emt 00:00:10]} 5. Nc3 {[%clk 01:31:46]} a6 {[%clk
01:32:21]} {[%emt 00:00:13]} 6. Bg5 {[%clk 01:31:59]} h6 {[%clk 01:32:37]}
{[%emt 00:00:31]} 7. Bxf6 {[%clk 01:31:43]} Qxf6 {[%clk 01:33:01]} {[%emt
00:00:53]} 8. Nd5 {[%clk 01:32:07]} Qd8 {[%clk 01:33:27]} {[%emt 00:00:09]} 9.
c3 {[%clk 01:31:23]} {[%emt 00:01:15]} d6 {[%clk 01:33:49]} {[%emt 00:00:07]}
10. d4 {[%clk 01:30:58]} {[%emt 00:00:55]} exd4 {[%clk 01:34:13]} {[%emt
00:00:06]} 11. cxd4 {[%clk 01:31:18]} {[%emt 00:00:14]} Ba7 {[%clk 01:34:39]}
12. h3 {[%clk 01:29:11]} {[%emt 00:02:37]} Ne7 {[%clk 01:33:53]} {[%emt
00:01:16]} 13. Nf4 {[%clk 01:25:08]} {[%emt 00:04:38]} O-O {[%clk 01:26:17]}
{[%emt 00:08:08]} 14. O-O {[%clk 01:25:21]} {[%emt 00:00:12]} b5 {[%clk
01:25:42]} {[%emt 00:01:05]} 15. Bd3 {[%clk 01:23:49]} {[%emt 00:02:03]} c5
{[%clk 01:17:56]} {[%emt 00:08:19]} 16. d5 {[%clk 01:21:04]} {[%emt 00:03:09]}
c4 {[%clk 00:55:57]} {[%emt 00:22:28]} 17. Bc2 {[%clk 01:18:05]} {[%emt
00:03:29]} Ng6 {[%clk 00:55:42]} {[%emt 00:00:45]} 18. Nxg6 {[%clk 01:10:48]}
{[%emt 00:07:49]} fxg6 {[%clk 00:56:05]} {[%emt 00:00:05]} 19. e5 {[%clk
01:08:06]} {[%emt 00:03:13]} dxe5 {[%clk 00:47:52]} {[%emt 00:08:42]} 20. Bxg6
{[%clk 01:06:46]} {[%emt 00:01:51]} Qf6 {[%clk 00:47:01]} {[%emt 00:01:18]} 21.
Be4 {[%clk 01:04:32]} {[%emt 00:02:44]} Qf4 {[%clk 00:34:22]} {[%emt 00:13:09]}
22. Qe2 {[%clk 00:55:36]} {[%emt 00:09:26]} Bf5 {[%clk 00:33:57]} {[%emt
00:00:54]} 23. Rfe1 {[%clk 00:50:32]} {[%emt 00:05:34]} Bxh3 {[%clk 00:30:18]}
{[%emt 00:04:11]} 24. d6 {[%clk 00:44:55]} {[%emt 00:06:06]} Rae8 {[%clk
00:20:03]} {[%emt 00:10:44]} 25. Bd5+ {[%clk 00:37:10]} {[%emt 00:08:39]} Kh8
{[%clk 00:19:33]} {[%emt 00:00:40]} 26. Nxe5 {[%clk 00:37:11]} {[%emt
00:00:34]} Bxf2+ {[%clk 00:19:30]} {[%emt 00:00:27]} 27. Kh1 {[%clk 00:36:57]}
{[%emt 00:00:59]} Bxg2+ {[%clk 00:19:46]} {[%emt 00:00:04]} 0-1

[Event "DEM U18 2023"]
[Site "Willingen GER"]
[Date "2023.05.31"]
[Round "6"]
[White "Spriestersbach, Kai"]
[Black "Gallasch, Jonas"]
[Result "0-1"]
[Termination "normal"]
[Board "4"]
[BlackTitle "FM"]
[WhiteElo "2230"]
[BlackElo "2296"]
[WhiteClock "00:06:58"]
[BlackClock "00:06:41"]
[PlyCount "124"]
[WhiteFideId "16269985"]
[BlackFideId "16222474"]
[EventCountry "GER"]
[EventRounds "9"]
[EventType "swiss"]
[EventDate "2023.05.27"]

1. e4 {[%clk 01:30:58]} {[%emt 00:00:02]} c6 {[%clk 01:30:11]} {[%emt
00:00:49]} 2. d4 {[%clk 01:31:22]} {[%emt 00:00:07]} d5 {[%clk 01:30:37]}
{[%emt 00:00:04]} 3. exd5 {[%clk 01:31:48]} {[%emt 00:00:03]} cxd5 {[%clk
01:31:02]} {[%emt 00:00:05]} 4. Bd3 {[%clk 01:32:09]} {[%emt 00:00:13]} Nc6
{[%clk 01:31:27]} {[%emt 00:00:02]} 5. c3 {[%clk 01:32:34]} {[%emt 00:00:04]}
Nf6 {[%clk 01:31:53]} {[%emt 00:00:04]} 6. Bf4 {[%clk 01:32:44]} {[%emt
00:00:20]} Bg4 {[%clk 01:32:16]} {[%emt 00:00:07]} 7. Qb3 {[%clk 01:33:09]}
{[%emt 00:00:07]} Qd7 {[%clk 01:31:54]} {[%emt 00:00:51]} 8. Nd2 {[%clk
01:33:06]} {[%emt 00:00:32]} e6 {[%clk 01:32:17]} {[%emt 00:00:09]} 9. Ngf3
{[%clk 01:33:20]} {[%emt 00:00:15]} Bd6 {[%clk 01:32:37]} {[%emt 00:00:09]} 10.
Bxd6 {[%clk 01:33:06]} {[%emt 00:00:44]} Qxd6 {[%clk 01:32:53]} {[%emt
00:00:15]} 11. O-O {[%clk 01:33:24]} {[%emt 00:00:11]} O-O {[%clk 01:33:00]}
{[%emt 00:00:27]} 12. Rfe1 {[%clk 01:32:31]} {[%emt 00:01:22]} Ne7 {[%clk
01:32:11]} {[%emt 00:01:16]} 13. Ne5 {[%clk 01:29:59]} {[%emt 00:03:01]} Bf5
{[%clk 01:31:46]} {[%emt 00:00:58]} 14. Bxf5 {[%clk 01:14:51]} {[%emt
00:15:42]} Nxf5 {[%clk 01:31:50]} {[%emt 00:00:23]} 15. a4 {[%clk 01:14:01]}
{[%emt 00:01:23]} Qc7 {[%clk 01:22:06]} {[%emt 00:10:10]} 16. a5 {[%clk
01:05:41]} {[%emt 00:08:54]} Rab8 {[%clk 01:12:20]} {[%emt 00:10:09]} 17. Qd1
{[%clk 00:53:57]} {[%emt 00:12:14]} h5 {[%clk 00:51:41]} {[%emt 00:21:08]} 18.
Nb3 {[%clk 00:47:59]} {[%emt 00:06:28]} b6 {[%clk 00:46:20]} {[%emt 00:05:53]}
19. axb6 {[%clk 00:44:14]} {[%emt 00:04:14]} axb6 {[%clk 00:39:14]} {[%emt
00:07:36]} 20. Ra6 {[%clk 00:42:33]} {[%emt 00:02:11]} Ra8 {[%clk 00:36:28]}
{[%emt 00:03:19]} 21. Qe2 {[%clk 00:41:52]} {[%emt 00:01:10]} Qb7 {[%clk
00:35:46]} {[%emt 00:01:10]} 22. Rea1 {[%clk 00:41:54]} {[%emt 00:00:31]} Ng4
{[%clk 00:24:25]} {[%emt 00:24:32]} 23. Qf1 {[%clk 00:23:00]} Nd6 {[%clk
00:24:25]} 24. Nxg4 {[%clk 00:23:00]} {[%emt 00:07:41]} hxg4 {[%clk 00:24:49]}
25. Nd2 {[%clk 00:23:02]} {[%emt 00:00:36]} Nc4 {[%clk 00:21:13]} 26. Rxa8
{[%clk 00:23:02]} Rxa8 {[%clk 00:21:13]} 27. Nxc4 {[%clk 00:22:40]} {[%emt
00:05:31]} Rxa1 {[%clk 00:21:40]} 28. Qxa1 {[%clk 00:23:05]} {[%emt 00:00:35]}
dxc4 {[%clk 00:22:05]} 29. Qe1 {[%clk 00:21:38]} {[%emt 00:01:58]} Qd5 {[%clk
00:16:48]} 30. g3 {[%clk 00:19:34]} {[%emt 00:08:23]} Qf5 {[%clk 00:15:12]}
{[%emt 00:02:04]} 31. Qe2 {[%clk 00:17:03]} {[%emt 00:03:04]} b5 {[%clk
00:15:24]} {[%emt 00:00:15]} 32. Kg2 {[%clk 00:15:52]} {[%emt 00:01:43]} Qb1
{[%clk 00:13:32]} {[%emt 00:02:20]} 33. Qxg4 {[%clk 00:10:02]} {[%emt
00:06:20]} Qxb2 {[%clk 00:13:50]} {[%emt 00:00:12]} 34. Qg5 {[%clk 00:10:06]}
{[%emt 00:00:26]} g6 {[%clk 00:11:43]} {[%emt 00:02:41]} 35. Qd8+ {[%clk
00:09:23]} {[%emt 00:01:09]} Kg7 {[%clk 00:11:55]} {[%emt 00:00:17]} 36. Qa5
{[%clk 00:08:41]} {[%emt 00:01:13]} Qb1 {[%clk 00:09:01]} {[%emt 00:03:27]} 37.
h4 {[%clk 00:06:19]} {[%emt 00:02:50]} Qe4+ {[%clk 00:06:29]} {[%emt 00:03:01]}
38. Kh2 {[%clk 00:06:16]} {[%emt 00:00:33]} Qd5 {[%clk 00:06:21]} {[%emt
00:00:37]} 39. Qb4 {[%clk 00:04:39]} {[%emt 00:02:07]} e5 {[%clk 00:05:07]}
{[%emt 00:01:44]} 40. dxe5 {[%clk 00:04:28]} {[%emt 00:00:42]} Qxe5 {[%clk
00:05:30]} {[%emt 00:00:06]} 41. Kg1 {[%clk 00:00:36]} {[%emt 00:04:21]} Qe1+
{[%clk 00:05:17]} {[%emt 00:00:44]} 42. Kg2 {[%clk 00:01:01]} {[%emt 00:00:05]}
Qe4+ {[%clk 00:05:43]} {[%emt 00:00:05]} 43. Kg1 {[%clk 00:01:18]} {[%emt
00:00:13]} Qf3 {[%clk 00:05:57]} {[%emt 00:00:17]} 44. Qa5 {[%clk 00:00:34]}
{[%emt 00:01:13]} Kh7 {[%clk 00:29:18]} {[%emt 00:07:09]} 45. Kf1 {[%clk
00:29:27]} {[%emt 00:01:37]} Qd1+ {[%clk 00:26:31]} {[%emt 00:03:30]} 46. Kg2
{[%clk 00:29:52]} Qb3 {[%clk 00:26:37]} {[%emt 00:00:15]} 47. h5 {[%clk
00:29:49]} {[%emt 00:00:36]} gxh5 {[%clk 00:23:16]} {[%emt 00:03:48]} 48. Qc7
{[%clk 00:29:05]} {[%emt 00:01:14]} Kg6 {[%clk 00:22:05]} {[%emt 00:01:42]} 49.
Qe5 {[%clk 00:25:59]} {[%emt 00:03:51]} Qc2 {[%clk 00:21:42]} {[%emt 00:00:37]}
50. Qd6+ {[%clk 00:24:20]} {[%emt 00:02:16]} f6 {[%clk 00:18:59]} {[%emt
00:03:08]} 51. Qb4 {[%clk 00:20:26]} {[%emt 00:04:21]} Qb3 {[%clk 00:13:34]}
{[%emt 00:06:00]} 52. Qf8 {[%clk 00:19:55]} {[%emt 00:01:02]} Qxc3 {[%clk
00:12:48]} {[%emt 00:01:18]} 53. Qe8+ {[%clk 00:20:14]} {[%emt 00:00:16]} Kg5
{[%clk 00:08:27]} {[%emt 00:04:41]} 54. f4+ {[%clk 00:19:20]} {[%emt 00:01:22]}
Kf5 {[%clk 00:08:35]} {[%emt 00:00:26]} 55. Qxh5+ {[%clk 00:16:08]} {[%emt
00:03:41]} Ke4 {[%clk 00:08:54]} {[%emt 00:00:13]} 56. Qe8+ {[%clk 00:16:03]}
{[%emt 00:00:32]} Kd4 {[%clk 00:08:18]} {[%emt 00:01:03]} 57. Qxb5 {[%clk
00:12:04]} {[%emt 00:04:35]} Qd2+ {[%clk 00:07:52]} {[%emt 00:00:55]} 58. Kh3
{[%clk 00:11:21]} {[%emt 00:01:18]} c3 {[%clk 00:08:02]} {[%emt 00:00:13]} 59.
Qd7+ {[%clk 00:10:57]} {[%emt 00:00:52]} Ke3 {[%clk 00:07:53]} {[%emt
00:00:43]} 60. Qe6+ {[%clk 00:10:52]} {[%emt 00:00:43]} Kf2 {[%clk 00:07:39]}
{[%emt 00:00:35]} 61. Qc6 {[%clk 00:08:28]} {[%emt 00:02:51]} c2 {[%clk
00:06:31]} {[%emt 00:01:44]} 62. Qb6+ {[%clk 00:06:58]} {[%emt 00:01:55]} Qe3
{[%clk 00:06:41]} {[%emt 00:00:20]} 0-1

[Event "DEM U18 2023"]
[Site "Willingen GER"]
[Date "2023.05.31"]
[Round "6"]
[White "Albert, Markus"]
[Black "Weihrauch, Jakob"]
[Result "1-0"]
[Termination "normal"]
[Board "5"]
[WhiteElo "2232"]
[BlackElo "2291"]
[WhiteClock "00:30:29"]
[BlackClock "00:28:22"]
[PlyCount "83"]
[WhiteFideId "16292626"]
[BlackFideId "16210115"]
[EventCountry "GER"]
[EventRounds "9"]
[EventType "swiss"]
[EventDate "2023.05.27"]

1. e4 {[%clk 01:30:58]} {[%emt 00:00:03]} c5 {[%clk 01:30:56]} {[%emt
00:00:05]} 2. Nf3 {[%clk 01:31:16]} {[%emt 00:00:11]} d6 {[%clk 01:31:22]}
{[%emt 00:00:04]} 3. d4 {[%clk 01:31:38]} {[%emt 00:00:10]} cxd4 {[%clk
01:31:47]} {[%emt 00:00:03]} 4. Nxd4 {[%clk 01:32:03]} {[%emt 00:00:05]} Nf6
{[%clk 01:32:14]} {[%emt 00:00:03]} 5. Nc3 {[%clk 01:32:27]} {[%emt 00:00:05]}
a6 {[%clk 01:32:42]} {[%emt 00:00:03]} 6. Bd3 {[%clk 01:32:45]} {[%emt
00:00:12]} e5 {[%clk 01:32:42]} {[%emt 00:00:30]} 7. Nde2 {[%clk 01:33:01]}
{[%emt 00:00:16]} Nbd7 {[%clk 01:25:28]} {[%emt 00:07:43]} 8. O-O {[%clk
01:32:30]} {[%emt 00:01:00]} Be7 {[%clk 01:15:01]} {[%emt 00:10:59]} 9. Ng3
{[%clk 01:32:05]} {[%emt 00:00:52]} Nc5 {[%clk 01:14:32]} {[%emt 00:01:04]} 10.
Be2 {[%clk 01:19:43]} {[%emt 00:12:48]} b5 {[%clk 01:02:20]} {[%emt 00:12:42]}
11. b4 {[%clk 01:15:36]} {[%emt 00:04:36]} Ne6 {[%clk 01:00:22]} {[%emt
00:02:29]} 12. a4 {[%clk 01:07:53]} {[%emt 00:08:13]} bxa4 {[%clk 00:55:09]}
{[%emt 00:05:43]} 13. Nf5 {[%clk 00:59:12]} {[%emt 00:09:11]} g6 {[%clk
00:50:09]} {[%emt 00:05:31]} 14. Nxe7 {[%clk 00:53:39]} {[%emt 00:06:02]} Qxe7
{[%clk 00:50:33]} {[%emt 00:00:07]} 15. Rxa4 {[%clk 00:52:44]} {[%emt
00:01:24]} Bb7 {[%clk 00:48:34]} {[%emt 00:02:29]} 16. Nd5 {[%clk 00:46:50]}
{[%emt 00:06:24]} Nxd5 {[%emt 00:01:43]} 17. exd5 {[%clk 00:47:11]} {[%emt
00:00:07]} Nd4 {[%clk 00:45:14]} {[%emt 00:02:44]} 18. c4 {[%clk 00:42:04]}
{[%emt 00:05:35]} O-O {[%clk 00:32:36]} {[%emt 00:13:09]} 19. Bd3 {[%clk
00:39:43]} {[%emt 00:02:56]} Rfe8 {[%clk 00:23:09]} {[%emt 00:09:50]} 20. Re1
{[%clk 00:38:43]} {[%emt 00:01:32]} Qh4 {[%clk 00:19:28]} {[%emt 00:04:10]} 21.
Be3 {[%clk 00:33:54]} {[%emt 00:05:17]} Nf5 {[%clk 00:15:57]} {[%emt 00:04:15]}
22. Bb6 {[%clk 00:20:25]} {[%emt 00:13:45]} Ne7 {[%clk 00:15:24]} {[%emt
00:01:04]} 23. Ra2 {[%clk 00:18:56]} {[%emt 00:02:01]} f5 {[%clk 00:14:44]}
{[%emt 00:01:09]} 24. Bf1 {[%clk 00:18:04]} {[%emt 00:01:22]} Nc8 {[%clk
00:09:58]} {[%emt 00:05:22]} 25. Ba5 {[%clk 00:15:00]} {[%emt 00:03:27]} Ne7
{[%clk 00:09:43]} {[%emt 00:00:46]} 26. Rd2 {[%clk 00:14:09]} {[%emt 00:01:21]}
f4 {[%clk 00:07:11]} {[%emt 00:03:02]} 27. Qa4 {[%clk 00:09:31]} {[%emt
00:05:08]} Nf5 {[%clk 00:07:09]} {[%emt 00:00:32]} 28. Re4 {[%clk 00:08:06]}
{[%emt 00:01:57]} Qe7 {[%clk 00:06:38]} {[%emt 00:01:00]} 29. Bb6 {[%clk
00:06:46]} {[%emt 00:01:49]} Qf7 {[%clk 00:06:10]} {[%emt 00:00:58]} 30. c5
{[%clk 00:06:17]} {[%emt 00:00:58]} Bc8 {[%clk 00:03:28]} {[%emt 00:03:13]} 31.
c6 {[%clk 00:05:07]} {[%emt 00:01:40]} Ne7 {[%clk 00:02:04]} {[%emt 00:01:55]}
32. Qa5 {[%clk 00:03:49]} {[%emt 00:01:48]} Bf5 {[%clk 00:02:14]} {[%emt
00:00:20]} 33. Re1 {[%clk 00:03:48]} {[%emt 00:00:31]} e4 {[%clk 00:01:50]}
{[%emt 00:00:55]} 34. c7 {[%clk 00:03:28]} {[%emt 00:00:49]} Qf6 {[%clk
00:01:00]} {[%emt 00:01:20]} 35. Bd4 {[%clk 00:03:37]} {[%emt 00:00:20]} Qg5
{[%clk 00:01:16]} {[%emt 00:00:14]} 36. Qb6 {[%clk 00:01:46]} {[%emt 00:02:20]}
Bh3 {[%clk 00:00:55]} {[%emt 00:00:51]} 37. Qxd6 {[%clk 00:00:57]} {[%emt
00:01:22]} Nxd5 {[%clk 00:00:37]} {[%emt 00:00:46]} 38. Bb2 {[%clk 00:00:34]}
{[%emt 00:00:53]} Ne7 {[%clk 00:00:32]} {[%emt 00:00:35]} 39. Bf6 {[%clk
00:00:34]} {[%emt 00:00:29]} Qg4 {[%clk 00:00:36]} {[%emt 00:00:26]} 40. Bc4+
{[%clk 00:00:44]} {[%emt 00:00:20]} Kf8 {[%clk 00:00:59]} {[%emt 00:00:12]} 41.
f3 {[%clk 00:00:48]} {[%emt 00:00:22]} exf3 {[%clk 00:28:22]} {[%emt 00:03:07]}
42. Rxe7 {[%clk 00:30:29]} {[%emt 00:00:49]} 1-0